00493nam a2200169Ia 4500999001700000003000400017005001700021008004100038040001800079082001900097100002800116245006600144260005000210300000900260650001000269942004400279 c15966d15966OSt20200606115839.0190216s9999||||xx |||||||||||||| ||und|| cMESKC library a491.433bSRI/H aSrivastava, Pushpa9348 0aHindi Aur Tenydie Ka Vyavaharik Vyakaran /cPushpa Srivastava bMhasicha Praklashan Kohima,aNagaland:c1998. a258p aHindi cBK2ddch491.433iSRI/Hk491.433mSRI/H